| 000 | 00962cam a2200313Ia 4500 | ||
|---|---|---|---|
| 001 | 43645 | ||
| 005 | 20230410130743.0 | ||
| 008 | 840618t1972 sp a 000 0 spa d | ||
| 035 | _a(OCoLC)ocm10854456 | ||
| 040 |
_aTXP _cTXP _dOCL |
||
| 050 | 1 | 4 | _aB167c |
| 020 | _a8485979524 | ||
| 020 | _a9788485979523 | ||
| 035 | _a(OCoLC)10854456 | ||
| 041 | 1 |
_aspa _heng |
|
| 050 | 1 | 4 |
_aPN 6231 _bB168c 1972 |
| 049 | _aGRAL | ||
| 100 | 1 |
_aBaker, Stephen, _d1921- |
|
| 245 | 1 | 0 |
_aCómo vivir con un marido neurótico / _cStephen Baker; ilustraciones de John Huehnergarth; traducción Oscar Muslera. |
| 260 |
_aBarcelona ; _aBuenos Aires : _bJuan Granica Ediciones, _c1972 |
||
| 300 |
_a128 p. : _bill. ; _c20 cm. |
||
| 490 | 0 | _aHumor | |
| 500 | _aTítulo original : How to live with a neurotic husband. | ||
| 650 | 0 |
_aHusbands _xHumor. |
|
| 650 | 0 |
_aHusbands _xAnecdotes, facetiae, satire, etc. |
|
| 942 |
_2lcc _cbk |
||
| 946 | _amfcruz | ||
| 994 |
_aC0 _bDRFGD |
||
| 999 |
_c79784 _d79784 |
||